[Event "Andalucia-ch U16"]
[Site "Huelva"]
[Date "2014.04.26"]
[Round "7.7"]
[White "Cuerda del Valle, Carlos"]
[Black "Sanchez Sanchez, Javier"]
[Result "0-1"]
[WhiteElo "1688"]
[BlackElo "1592"]
[PlyCount "43"]
[EventDate "2014.04.25"]
[EventType "swiss"]
[EventRounds "9"]
[EventCountry "ESP"]
[SourceTitle "EXT 2024"]
[Source "ChessBase"]
[SourceDate "2023.10.10"]
[SourceVersion "1"]
[SourceVersionDate "2023.10.10"]
[SourceQuality "1"]

1. e4 c5 2. Nf3 Nc6 3. Nc3 e6 4. d4 cxd4 5. Nxd4 Bb4 6. Nxc6 bxc6 7. Bd3 d5 8. 0-0 Ne7 9. Bd2 0-0 10. a3 Bc5 11. Qh5 f5 12. e5 Bd7 13. Ne2 Ng6 14. Bc3 Be8 15. Qh3 d4 16. Bb4 Bxb4 17. axb4 Nxe5 18. Qg3 Ng6 19. Bc4 Bf7 20. Rfd1 e5 21. Bxf7+ Rxf7 22. c3 0-1

[Event "Andalucia-ch U16"]
[Site "Huelva"]
[Date "2014.04.26"]
[Round "6.8"]
[White "Sanchez Sanchez, Javier"]
[Black "Rubio Gonzalez, Dario Jesus"]
[Result "1/2-1/2"]
[WhiteElo "1592"]
[BlackElo "1480"]
[PlyCount "42"]
[EventDate "2014.04.25"]
[EventType "swiss"]
[EventRounds "9"]
[EventCountry "ESP"]
[SourceTitle "EXT 2024"]
[Source "ChessBase"]
[SourceDate "2023.10.10"]
[SourceVersion "1"]
[SourceVersionDate "2023.10.10"]
[SourceQuality "1"]

1. d4 e6 2. Nf3 f5 3. c4 d5 4. Nc3 Nf6 5. g3 c6 6. Bf4 Bd6 7. cxd5 exd5 8. Bg2 0-0 9. 0-0 Ne4 10. Nd2 Qe7 11. Bxd6 Qxd6 12. f3 Nxd2 13. Qxd2 Nd7 14. e4 Nb6 15. b3 Bd7 16. e5 Qg6 17. f4 Be6 18. b4 Nc4 19. Qe2 b5 20. a4 a6 21. Ra2 Rfb8 1/2-1/2